[Event "Greek Team Championship"]
[Site "chess24.com"]
[Date "2017.07.04"]
[Round "2"]
[White "Blitsas, Orestis"]
[Black "Makris, Spyridon-Dionysios"]
[Result "0-1"]
[Board "9"]
[WhiteElo "1635"]
[WhiteCountry "GRE"]
[WhiteFideId "25807919"]
[WhiteEloChange "-4"]
[BlackElo "1859"]
[BlackCountry "GRE"]
[BlackFideId "25801376"]
[BlackEloChange "4"]

1. e4 {[%clk 1:30:43]} e5 {[%clk 1:30:57]} 2. Nf3 {[%clk 1:30:57]} Nc6 {[%clk
1:31:22]} 3. Bc4 {[%clk 1:31:02]} Nf6 {[%clk 1:31:48]} 4. d3 {[%clk 1:31:26]} Bc5
{[%clk 1:32:17]} 5. c3 {[%clk 1:31:33]} a6 {[%clk 1:29:05]} 6. Bb3 {[%clk
1:31:47]} O-O {[%clk 1:25:58]} 7. Nbd2 {[%clk 1:30:40]} Ba7 {[%clk 1:23:48]} 8.
h3 {[%clk 1:30:29]} d5 {[%clk 1:21:39]} 9. Qe2 {[%clk 1:30:46]} dxe4 {[%clk
0:55:32]} 10. dxe4 {[%clk 1:30:59]} Qe7 {[%clk 0:54:15]} 11. Nf1 {[%clk 1:30:53]}
Na5 {[%clk 0:44:16]} 12. Bc2 {[%clk 1:15:43]} Bd7 {[%clk 0:43:47]} 13. b3 {[%clk
1:09:53]} Nh5 {[%clk 0:38:08]} 14. g3 {[%clk 1:00:24]} Nf6 {[%clk 0:29:43]} 15.
Ne3 {[%clk 0:54:58]} Bxe3 {[%clk 0:25:52]} 16. Bxe3 {[%clk 0:54:29]} b5 {[%clk
0:26:11]} 17. b4 {[%clk 0:51:31]} Nb7 {[%clk 0:26:37]} 18. Nd2 {[%clk 0:41:32]}
a5 {[%clk 0:22:18]} 19. bxa5 {[%clk 0:34:48]} Rxa5 {[%clk 0:21:55]} 20. Nb3
{[%clk 0:34:24]} Ra6 {[%clk 0:22:09]} 21. Bd3 {[%clk 0:32:45]} c6 {[%clk
0:22:11]} 22. Kf1 {[%clk 0:30:43]} Raa8 {[%clk 0:19:32]} 23. Kg2 {[%clk 0:30:33]}
Be6 {[%clk 0:11:55]} 24. Rhd1 {[%clk 0:27:52]} Nd7 {[%clk 0:11:47]} 25. c4 {[%clk
0:17:23]} bxc4 {[%clk 0:10:24]} 26. Bxc4 {[%clk 0:17:37]} f5 {[%clk 0:10:53]} 27.
exf5 {[%clk 0:16:33]} Rxf5 {[%clk 0:10:36]} 28. Bxe6+ {[%clk 0:16:43]} Qxe6
{[%clk 0:11:00]} 29. Qd3 {[%clk 0:15:55]} Rf7 {[%clk 0:10:19]} 30. Qc2 {[%clk
0:14:01]} c5 {[%clk 0:08:09]} 31. Qe4 {[%clk 0:10:49]} Nf6 {[%clk 0:07:38]} 32.
Qc2 {[%clk 0:10:29]} c4 {[%clk 0:06:37]} 33. Nd2 {[%clk 0:10:37]} Nd6 {[%clk
0:06:53]} 34. Rdc1 {[%clk 0:08:49]} Rc8 {[%clk 0:05:37]} 35. a4 {[%clk 0:07:00]}
Nd5 {[%clk 0:05:17]} 36. Ne4 {[%clk 0:02:39]} Nxe3+ {[%clk 0:05:33]} 37. fxe3
{[%clk 0:02:54]} Qd5 {[%clk 0:05:59]} 38. Rd1 {[%clk 0:00:42]} Qxe4+ {[%clk
0:06:27]} 0-1

[Event "Greek Team Championship"]
[Site "chess24.com"]
[Date "2017.07.04"]
[Round "2"]
[White "Fragkos, Vasileios"]
[Black "Nasos, Valerios"]
[Result "0-1"]
[Board "10"]
[WhiteElo "1453"]
[WhiteCountry "GRE"]
[WhiteFideId "25832646"]
[WhiteEloChange "-11"]
[BlackElo "1433"]
[BlackCountry "GRE"]
[BlackFideId "25838253"]
[BlackEloChange "11"]

1. e4 {[%clk 1:30:57]} c5 {[%clk 1:30:54]} 2. Nf3 {[%clk 1:31:20]} e6 {[%clk
1:31:45]} 3. d4 {[%clk 1:31:45]} cxd4 {[%clk 1:32:08]} 4. Nxd4 {[%clk 1:31:45]}
Nc6 {[%clk 1:32:31]} 5. c4 {[%clk 1:32:31]} Nf6 {[%clk 1:32:55]} 6. Nc3 {[%clk
1:32:36]} Bb4 {[%clk 1:32:55]} 7. Nxc6 {[%clk 1:32:54]} bxc6 {[%clk 1:33:19]} 8.
Bd3 {[%clk 1:32:54]} e5 {[%clk 1:33:43]} 9. O-O {[%clk 1:33:05]} O-O {[%clk
1:34:07]} 10. Be3 {[%clk 1:32:14]} Bxc3 {[%clk 1:34:30]} 11. bxc3 {[%clk
1:32:36]} d6 {[%clk 1:34:51]} 12. f3 {[%clk 1:31:28]} Be6 {[%clk 1:32:01]} 13.
Qa4 {[%clk 1:28:21]} Qc7 {[%clk 1:31:01]} 14. Rfb1 {[%clk 1:27:31]} c5 {[%clk
1:12:33]} 15. Rb2 {[%clk 1:21:20]} Nd7 {[%clk 1:10:02]} 16. Qc2 {[%clk 1:21:14]}
Nb6 {[%clk 1:08:40]} 17. Qe2 {[%clk 1:21:12]} f6 {[%clk 1:06:22]} 18. f4 {[%clk
1:15:31]} Qf7 {[%clk 0:59:19]} 19. Rf1 {[%clk 1:07:02]} exf4 {[%clk 0:44:16]} 20.
Bxf4 {[%clk 1:07:19]} Nxc4 {[%clk 0:43:53]} 21. Rc2 {[%clk 1:07:22]} Ne5 {[%clk
0:43:13]} 22. Bxe5 {[%clk 1:06:38]} dxe5 {[%clk 0:43:36]} 23. Rd2 {[%clk
1:05:31]} Rfd8 {[%clk 0:31:32]} 24. Rfd1 {[%clk 1:03:29]} Rd7 {[%clk 0:22:25]}
25. Bb5 {[%clk 1:01:14]} Rxd2 {[%clk 0:22:16]} 26. Rxd2 {[%clk 1:01:18]} Rb8
{[%clk 0:13:38]} 27. c4 {[%clk 1:00:49]} Qc7 {[%clk 0:08:52]} 28. Qd1 {[%clk
1:01:02]} h6 {[%clk 0:08:57]} 29. Rd6 {[%clk 1:01:20]} Qe7 {[%clk 0:07:02]} 30.
a4 {[%clk 1:00:38]} Kh7 {[%clk 0:05:52]} 31. a5 {[%clk 1:00:42]} Qf7 {[%clk
0:03:44]} 32. Qd3 {[%clk 0:58:50]} Qe7 {[%clk 0:04:01]} 33. h3 {[%clk 0:58:34]}
Rc8 {[%clk 0:03:47]} 34. Kh2 {[%clk 0:57:02]} Rb8 {[%clk 0:03:05]} 35. Ba4 {[%clk
0:55:01]} Bxc4 {[%clk 0:01:19]} 36. Qd2 {[%clk 0:54:27]} Be6 {[%clk 0:01:22]} 37.
Rc6 {[%clk 0:52:27]} Rb4 {[%clk 0:01:05]} 38. Bc2 {[%clk 0:51:42]} Rd4 {[%clk
0:01:04]} 39. Qe3 {[%clk 0:51:11]} Bf7 {[%clk 0:00:47]} 40. Qa3 {[%clk 1:19:59]}
Rc4 {[%clk 0:30:41]} 41. Bd3 {[%clk 1:19:55]} Rd4 {[%clk 0:29:02]} 42. Bb1 {[%clk
1:18:31]} Rb4 {[%clk 0:26:37]} 43. Ba2 {[%clk 1:17:08]} Qd7 {[%clk 0:22:35]} 44.
Bd5 {[%clk 1:14:43]} Bxd5 {[%clk 0:21:37]} 45. exd5 {[%clk 1:10:18]} Qxd5 {[%clk
0:21:19]} 46. Rc8 {[%clk 1:10:22]} Qd4 {[%clk 0:15:38]} 47. Qf3 {[%clk 1:10:00]}
Qd6 {[%clk 0:03:54]} 48. Qg3 {[%clk 1:08:22]} Rd4 {[%clk 0:03:22]} 49. Qe3 {[%clk
1:01:07]} Qe6 {[%clk 0:00:35]} 50. Rxc5 {[%clk 1:00:59]} Qd6 {[%clk 0:00:48]} 51.
Rc2 {[%clk 1:00:12]} f5 {[%clk 0:00:42]} 52. Re2 {[%clk 0:56:45]} e4+ {[%clk
0:00:36]} 53. g3 {[%clk 0:54:07]} Rd3 {[%clk 0:00:48]} 54. Qf2 {[%clk 0:54:25]}
Rf3 {[%clk 0:00:40]} 55. Qe1 {[%clk 0:54:00]} Qd3 {[%clk 0:00:40]} 56. Kg2 {[%clk
0:52:57]} f4 {[%clk 0:00:34]} 57. gxf4 {[%clk 0:51:17]} Rxh3 {[%clk 0:00:47]} 58.
Qf2 {[%clk 0:50:57]} Qf3+ {[%clk 0:00:41]} 0-1

[Event "Greek Team Championship"]
[Site "chess24.com"]
[Date "2017.07.04"]
[Round "2"]
[White "Banikas, Hristos"]
[Black "Panagiotakopoulos, Gerasimos"]
[Result "1-0"]
[Board "1"]
[WhiteElo "2567"]
[WhiteTitle "GM"]
[WhiteCountry "GRE"]
[WhiteFideId "4202031"]
[WhiteEloChange "1"]
[BlackElo "2223"]
[BlackCountry "GRE"]
[BlackFideId "4210778"]
[BlackEloChange "-2"]

1. e4 {[%clk 1:30:40]} c5 {[%clk 1:30:44]} 2. Nf3 {[%clk 1:30:58]} d6 {[%clk
1:31:11]} 3. d4 {[%clk 1:30:21]} cxd4 {[%clk 1:31:37]} 4. Nxd4 {[%clk 1:30:41]}
Nf6 {[%clk 1:32:05]} 5. f3 {[%clk 1:31:03]} e5 {[%clk 1:32:30]} 6. Nb3 {[%clk
1:31:28]} Be6 {[%clk 1:32:56]} 7. c4 {[%clk 1:31:52]} a5 {[%clk 1:33:22]} 8. Be3
{[%clk 1:32:17]} a4 {[%clk 1:33:09]} 9. N3d2 {[%clk 1:32:26]} Qa5 {[%clk
1:32:27]} 10. Nc3 {[%clk 1:29:51]} Be7 {[%clk 1:28:57]} 11. Be2 {[%clk 1:24:18]}
O-O {[%clk 1:27:31]} 12. O-O {[%clk 1:23:47]} Nc6 {[%clk 1:23:07]} 13. Nd5 {[%clk
1:20:00]} Bd8 {[%clk 1:16:30]} 14. Kh1 {[%clk 1:19:24]} Nd7 {[%clk 1:09:37]} 15.
Nb1 {[%clk 1:13:56]} Bxd5 {[%clk 1:06:57]} 16. cxd5 {[%clk 1:11:29]} Nd4 {[%clk
0:58:57]} 17. Bxd4 {[%clk 1:10:24]} exd4 {[%clk 0:59:21]} 18. Na3 {[%clk
1:10:50]} Bf6 {[%clk 0:55:47]} 19. Nc4 {[%clk 1:10:23]} Qc5 {[%clk 0:54:24]} 20.
Rc1 {[%clk 1:10:26]} Nb6 {[%clk 0:34:53]} 21. Ne3 {[%clk 1:08:56]} Qa5 {[%clk
0:22:12]} 22. Nf5 {[%clk 1:08:32]} Rfd8 {[%clk 0:20:48]} 23. Nxd4 {[%clk
1:08:37]} Nd7 {[%clk 0:20:02]} 24. Nb5 {[%clk 1:07:36]} Nc5 {[%clk 0:19:06]} 25.
Rc2 {[%clk 1:07:39]} Rac8 {[%clk 0:18:04]} 26. g3 {[%clk 1:06:25]} Qb4 {[%clk
0:16:58]} 27. Qe1 {[%clk 1:05:03]} Na6 {[%clk 0:16:28]} 28. Qxb4 {[%clk 0:57:33]}
Nxb4 {[%clk 0:16:51]} 29. Rxc8 {[%clk 0:57:54]} Rxc8 {[%clk 0:17:18]} 30. a3
{[%clk 0:58:20]} Na2 {[%clk 0:15:35]} 31. Nxd6 {[%clk 0:57:22]} Rc2 {[%clk
0:14:53]} 32. Bd1 {[%clk 0:57:19]} Rxb2 {[%clk 0:13:37]} 33. Bxa4 {[%clk
0:57:06]} Nc3 {[%clk 0:13:23]} 34. Be8 {[%clk 0:57:26]} Be7 {[%clk 0:12:35]} 35.
Nc4 {[%clk 0:55:59]} Rc2 {[%clk 0:12:17]} 36. d6 {[%clk 0:56:26]} Bd8 {[%clk
0:09:50]} 37. Ne5 {[%clk 0:56:11]} f6 {[%clk 0:09:36]} 38. Nf7 {[%clk 0:50:34]}
Bb6 {[%clk 0:09:14]} 39. e5 {[%clk 0:50:56]} Kf8 {[%clk 0:08:04]} 40. d7 {[%clk
1:21:21]} f5 {[%clk 0:34:25]} 41. Nd6 {[%clk 1:21:27]} f4 {[%clk 0:32:56]} 42.
gxf4 {[%clk 1:19:29]} Nd5 {[%clk 0:30:16]} 43. f5 {[%clk 1:18:42]} Nf4 {[%clk
0:29:53]} 44. e6 {[%clk 1:15:38]} Bc7 {[%clk 0:29:09]} 45. Re1 {[%clk 1:13:40]}
Ke7 {[%clk 0:28:37]} 46. f6+ {[%clk 1:13:44]} Kxf6 {[%clk 0:28:16]} 47. e7 {[%clk
1:12:56]} Nd3 {[%clk 0:25:58]} 48. d8Q {[%clk 1:11:48]} Nf2+ {[%clk 0:26:10]} 49.
Kg2 {[%clk 1:12:11]} Ne4+ {[%clk 0:26:21]} 50. Re2 {[%clk 1:07:48]} Rxe2+ {[%clk
0:26:32]} 51. Kf1 {[%clk 1:08:16]} 1-0

[Event "Greek Team Championship"]
[Site "chess24.com"]
[Date "2017.07.04"]
[Round "2"]
[White "Zenelis, Konstantinos"]
[Black "Stankovic, Milos"]
[Result "0-1"]
[Board "2"]
[WhiteElo "2031"]
[WhiteCountry "GRE"]
[WhiteFideId "4204107"]
[WhiteEloChange "-2"]
[BlackElo "2395"]
[BlackTitle "IM"]
[BlackCountry "SRB"]
[BlackFideId "938190"]
[BlackEloChange "2"]

1. e4 {[%clk 1:30:55]} c5 {[%clk 1:29:23]} 2. Nc3 {[%clk 1:31:13]} d6 {[%clk
1:29:10]} 3. g3 {[%clk 1:31:31]} Nc6 {[%clk 1:28:58]} 4. Bg2 {[%clk 1:31:41]} g6
{[%clk 1:28:55]} 5. d3 {[%clk 1:31:56]} Bg7 {[%clk 1:28:44]} 6. Be3 {[%clk
1:30:12]} Rb8 {[%clk 1:28:37]} 7. Nge2 {[%clk 1:26:34]} Nd4 {[%clk 1:28:07]} 8.
O-O {[%clk 1:25:44]} b5 {[%clk 1:27:30]} 9. a3 {[%clk 1:16:35]} e6 {[%clk
1:26:17]} 10. Qd2 {[%clk 1:16:11]} Ne7 {[%clk 1:25:10]} 11. f4 {[%clk 1:12:15]}
O-O {[%clk 1:24:15]} 12. g4 {[%clk 1:10:38]} f5 {[%clk 1:20:58]} 13. gxf5 {[%clk
1:10:43]} exf5 {[%clk 1:20:52]} 14. Ng3 {[%clk 1:10:29]} Be6 {[%clk 1:19:37]} 15.
Kh1 {[%clk 1:00:12]} a5 {[%clk 1:16:26]} 16. Rab1 {[%clk 0:53:54]} Kh8 {[%clk
1:06:03]} 17. Nd5 {[%clk 0:41:21]} Nxd5 {[%clk 1:03:30]} 18. exd5 {[%clk
0:41:44]} Bf7 {[%clk 1:02:41]} 19. c3 {[%clk 0:41:35]} Nb3 {[%clk 1:02:54]} 20.
Qc2 {[%clk 0:41:29]} a4 {[%clk 1:02:35]} 21. Bd2 {[%clk 0:35:42]} Qd7 {[%clk
1:00:41]} 22. Ne2 {[%clk 0:28:18]} Qb7 {[%clk 0:58:52]} 23. c4 {[%clk 0:28:26]}
Nxd2 {[%clk 0:57:22]} 24. Qxd2 {[%clk 0:28:50]} bxc4 {[%clk 0:57:35]} 25. dxc4
{[%clk 0:29:11]} Qb3 {[%clk 0:57:49]} 26. Rfc1 {[%clk 0:28:02]} Rfe8 {[%clk
0:57:13]} 27. Qc2 {[%clk 0:18:30]} Re3 {[%clk 0:56:20]} 28. Qxb3 {[%clk 0:07:36]}
Rexb3 {[%clk 0:56:18]} 29. Rc2 {[%clk 0:07:52]} Bxb2 {[%clk 0:55:29]} 30. Nc1
{[%clk 0:04:01]} R3b6 {[%clk 0:53:52]} 31. Na2 {[%clk 0:02:41]} Bd4 {[%clk
0:52:44]} 32. Rxb6 {[%clk 0:02:21]} Rxb6 {[%clk 0:53:06]} 33. Bf3 {[%clk
0:02:14]} Rb3 {[%clk 0:52:59]} 34. Kg2 {[%clk 0:02:35]} Rxa3 {[%clk 0:53:17]} 35.
Nc1 {[%clk 0:01:49]} Rc3 {[%clk 0:53:02]} 36. Rxc3 {[%clk 0:02:05]} Bxc3 {[%clk
0:53:25]} 37. Bd1 {[%clk 0:02:21]} Bd2 {[%clk 0:52:55]} 38. Nd3 {[%clk 0:02:29]}
Be8 {[%clk 0:52:17]} 39. Kf3 {[%clk 0:02:52]} a3 {[%clk 0:52:30]} 40. Bb3 {[%clk
0:33:17]} Ba4 {[%clk 1:22:04]} 41. Ba2 {[%clk 0:33:19]} Bd1+ {[%clk 1:22:03]} 42.
Kf2 {[%clk 0:33:34]} Kg7 {[%clk 1:21:32]} 0-1

[Event "Greek Team Championship"]
[Site "chess24.com"]
[Date "2017.07.04"]
[Round "2"]
[White "Komninos, Nikolaos"]
[Black "Skourtis, Efstratios"]
[Result "1/2-1/2"]
[Board "3"]
[WhiteElo "2188"]
[WhiteCountry "GRE"]
[WhiteFideId "4205022"]
[WhiteEloChange "-6"]
[BlackElo "1954"]
[BlackCountry "GRE"]
[BlackFideId "4204980"]
[BlackEloChange "6"]

1. e4 {[%clk 1:30:57]} c5 {[%clk 1:30:46]} 2. Nf3 {[%clk 1:31:22]} Nc6 {[%clk
1:30:54]} 3. Nc3 {[%clk 1:31:47]} g6 {[%clk 1:29:56]} 4. d4 {[%clk 1:32:04]} cxd4
{[%clk 1:30:03]} 5. Nxd4 {[%clk 1:32:29]} Bg7 {[%clk 1:30:12]} 6. Nb3 {[%clk
1:32:54]} Nf6 {[%clk 1:28:50]} 7. Be2 {[%clk 1:33:18]} O-O {[%clk 1:28:46]} 8.
O-O {[%clk 1:33:44]} d6 {[%clk 1:27:36]} 9. Bg5 {[%clk 1:34:07]} Be6 {[%clk
1:26:50]} 10. Kh1 {[%clk 1:34:23]} Rc8 {[%clk 1:04:00]} 11. f4 {[%clk 1:32:49]}
a6 {[%clk 1:02:22]} 12. Bf3 {[%clk 1:26:01]} Qc7 {[%clk 0:57:13]} 13. Nd5 {[%clk
1:13:20]} Bxd5 {[%clk 0:56:41]} 14. exd5 {[%clk 1:13:45]} Na5 {[%clk 0:52:41]}
15. Nxa5 {[%clk 1:10:27]} Qxa5 {[%clk 0:53:00]} 16. c3 {[%clk 1:10:55]} Qc7
{[%clk 0:41:11]} 17. Qd2 {[%clk 1:09:50]} Rfe8 {[%clk 0:38:53]} 18. f5 {[%clk
0:43:13]} Qc4 {[%clk 0:31:05]} 19. fxg6 {[%clk 0:39:41]} hxg6 {[%clk 0:31:22]}
20. a3 {[%clk 0:31:08]} Rc5 {[%clk 0:29:49]} 21. Be3 {[%clk 0:26:52]} Rcc8 {[%clk
0:27:41]} 22. Bd4 {[%clk 0:25:32]} Nd7 {[%clk 0:24:44]} 23. Bg4 {[%clk 0:19:05]}
Rc7 {[%clk 0:24:39]} 24. Bxg7 {[%clk 0:14:36]} Kxg7 {[%clk 0:24:57]} 25. Bxd7
{[%clk 0:14:45]} Rxd7 {[%clk 0:25:03]} 26. Rf4 {[%clk 0:15:11]} Qc5 {[%clk
0:17:56]} 27. b4 {[%clk 0:15:35]} Qc8 {[%clk 0:17:44]} 28. Qd4+ {[%clk 0:14:44]}
f6 {[%clk 0:17:53]} 29. Re1 {[%clk 0:14:29]} Rc7 {[%clk 0:16:24]} 30. c4 {[%clk
0:14:30]} b5 {[%clk 0:15:59]} 31. cxb5 {[%clk 0:11:55]} axb5 {[%clk 0:16:20]} 32.
h3 {[%clk 0:11:50]} Rc4 {[%clk 0:14:28]} 33. Qd2 {[%clk 0:08:47]} Rxf4 {[%clk
0:10:43]} 34. Qxf4 {[%clk 0:09:15]} Qf5 {[%clk 0:10:35]} 35. Qd4 {[%clk 0:04:34]}
Kf7 {[%clk 0:09:43]} 36. Qd2 {[%clk 0:02:40]} g5 {[%clk 0:09:08]} 37. Qd1 {[%clk
0:03:08]} Rh8 {[%clk 0:05:31]} 38. Qe2 {[%clk 0:03:02]} Qd7 {[%clk 0:05:45]} 39.
Kg1 {[%clk 0:01:51]} Qa7+ {[%clk 0:04:02]} 40. Kh2 {[%clk 0:31:50]} Qd7 {[%clk
0:34:17]} 41. Kg1 {[%clk 0:25:02]} Qa7+ {[%clk 0:34:35]} 42. Kf1 {[%clk 0:24:47]}
Qd7 {[%clk 0:34:43]} 43. Kg1 {[%clk 0:24:47]} 1/2-1/2

[Event "Greek Team Championship"]
[Site "chess24.com"]
[Date "2017.07.04"]
[Round "2"]
[White "Kaloskambis, Mihail"]
[Black "Petrakis, Ilias"]
[Result "1/2-1/2"]
[Board "4"]
[WhiteElo "1824"]
[WhiteCountry "GRE"]
[WhiteFideId "4203569"]
[WhiteEloChange "8"]
[BlackElo "2165"]
[BlackCountry "GRE"]
[BlackFideId "4208323"]
[BlackEloChange "-8"]

1. d4 {[%clk 1:30:54]} g6 {[%clk 1:30:40]} 2. c4 {[%clk 1:31:08]} Bg7 {[%clk
1:31:03]} 3. Nc3 {[%clk 1:31:28]} d6 {[%clk 1:31:13]} 4. e4 {[%clk 1:31:47]} Nf6
{[%clk 1:31:16]} 5. f3 {[%clk 1:31:56]} O-O {[%clk 1:31:31]} 6. Bg5 {[%clk
1:32:12]} c5 {[%clk 1:30:04]} 7. d5 {[%clk 1:32:24]} e6 {[%clk 1:29:29]} 8. Qd2
{[%clk 1:30:55]} exd5 {[%clk 1:29:35]} 9. cxd5 {[%clk 1:30:33]} Na6 {[%clk
1:25:23]} 10. h4 {[%clk 1:22:15]} Nc7 {[%clk 1:20:50]} 11. h5 {[%clk 1:21:38]} b5
{[%clk 1:19:39]} 12. Nxb5 {[%clk 1:19:05]} Nxb5 {[%clk 1:19:57]} 13. Bxb5 {[%clk
1:19:24]} Rb8 {[%clk 1:20:09]} 14. Bc4 {[%clk 1:17:29]} Re8 {[%clk 1:19:58]} 15.
hxg6 {[%clk 1:16:44]} hxg6 {[%clk 1:12:57]} 16. Ne2 {[%clk 1:16:11]} Qb6 {[%clk
1:12:22]} 17. Rb1 {[%clk 1:12:13]} Qb4 {[%clk 1:04:48]} 18. Qxb4 {[%clk 1:11:00]}
Rxb4 {[%clk 1:05:13]} 19. b3 {[%clk 1:10:42]} Nd7 {[%clk 1:05:29]} 20. Bd2 {[%clk
1:09:49]} Rb8 {[%clk 1:04:35]} 21. Nc3 {[%clk 0:58:03]} Ne5 {[%clk 1:00:54]} 22.
Be2 {[%clk 0:55:07]} Bd7 {[%clk 0:59:16]} 23. Kf2 {[%clk 0:54:06]} f5 {[%clk
0:56:18]} 24. Rh4 {[%clk 0:51:12]} Rec8 {[%clk 0:51:43]} 25. exf5 {[%clk
0:42:57]} Bxf5 {[%clk 0:51:55]} 26. Ne4 {[%clk 0:42:20]} c4 {[%clk 0:47:53]} 27.
Rc1 {[%clk 0:39:39]} cxb3 {[%clk 0:43:16]} 28. axb3 {[%clk 0:37:42]} Rxc1 {[%clk
0:40:49]} 29. Bxc1 {[%clk 0:38:11]} Bxe4 {[%clk 0:37:38]} 30. Rxe4 {[%clk
0:36:10]} Rxb3 {[%clk 0:38:00]} 31. Ra4 {[%clk 0:35:46]} Nd3+ {[%clk 0:37:39]}
32. Bxd3 {[%clk 0:35:32]} Rxd3 {[%clk 0:38:04]} 33. Be3 {[%clk 0:34:17]} Rxd5
{[%clk 0:37:43]} 34. Rxa7 {[%clk 0:34:26]} Rd3 {[%clk 0:32:58]} 35. Rd7 {[%clk
0:33:17]} Bc3 {[%clk 0:27:23]} 36. Ke2 {[%clk 0:31:48]} Rd5 {[%clk 0:27:37]} 37.
g4 {[%clk 0:29:02]} Bb4 {[%clk 0:27:19]} 38. Bh6 {[%clk 0:24:13]} Bc3 {[%clk
0:26:46]} 39. Bf4 {[%clk 0:22:45]} Bb4 {[%clk 0:26:25]} 40. Be3 {[%clk 0:52:08]}
Bc3 {[%clk 0:56:04]} 41. f4 {[%clk 0:51:16]} Bb2 {[%clk 0:54:14]} 42. Kf3 {[%clk
0:47:12]} Rd1 {[%clk 0:53:39]} 43. Ke4 {[%clk 0:46:14]} Kf8 {[%clk 0:52:22]} 44.
Bf2 {[%clk 0:37:13]} Ke8 {[%clk 0:50:10]} 45. Rb7 {[%clk 0:37:15]} Bf6 {[%clk
0:48:48]} 46. Bb6 {[%clk 0:33:39]} d5+ {[%clk 0:47:43]} 47. Ke3 {[%clk 0:32:40]}
Rb1 {[%clk 0:47:51]} 48. Rb8+ {[%clk 0:30:41]} Kd7 {[%clk 0:46:37]} 49. Ba7
{[%clk 0:27:29]} Rxb8 {[%clk 0:45:03]} 50. Bxb8 {[%clk 0:27:58]} Ke6 {[%clk
0:45:13]} 51. Kd3 {[%clk 0:26:10]} Bb2 {[%clk 0:45:30]} 52. Bc7 {[%clk 0:25:14]}
Bc1 {[%clk 0:45:00]} 53. Kd4 {[%clk 0:25:08]} Bd2 {[%clk 0:45:05]} 54. Bb8 {[%clk
0:21:48]} Bc1 {[%clk 0:42:16]} 55. Kd3 {[%clk 0:20:21]} Bb2 {[%clk 0:42:32]} 56.
Ba7 {[%clk 0:19:44]} Bc1 {[%clk 0:42:40]} 57. Be3 {[%clk 0:17:15]} Ba3 {[%clk
0:43:01]} 58. Bd2 {[%clk 0:16:26]} Bb2 {[%clk 0:43:08]} 59. Ke3 {[%clk 0:16:12]}
Bf6 {[%clk 0:43:27]} 60. Kf3 {[%clk 0:16:15]} Bd8 {[%clk 0:43:37]} 61. Bc3 {[%clk
0:15:59]} Bc7 {[%clk 0:43:35]} 62. Bd4 {[%clk 0:15:45]} Bd6 {[%clk 0:43:58]} 63.
Be3 {[%clk 0:15:04]} Bc7 {[%clk 0:44:16]} 64. Bd4 {[%clk 0:14:28]} Bd6 {[%clk
0:44:36]} 65. Bg7 {[%clk 0:14:45]} Bb4 {[%clk 0:44:41]} 66. Ke3 {[%clk 0:14:52]}
Bc5+ {[%clk 0:44:58]} 67. Kd3 {[%clk 0:15:14]} Bd6 {[%clk 0:45:20]} 68. Bh6
{[%clk 0:15:22]} Bc7 {[%clk 0:45:14]} 69. Bg5 {[%clk 0:15:35]} Bb6 {[%clk
0:45:20]} 70. Bh6 {[%clk 0:15:38]} Bc7 {[%clk 0:45:39]} 71. Ke3 {[%clk 0:15:52]}
Bb6+ {[%clk 0:46:03]} 72. Kf3 {[%clk 0:16:06]} Ba5 {[%clk 0:46:18]} 73. Bg7
{[%clk 0:16:10]} Bd8 {[%clk 0:46:36]} 74. Bf8 {[%clk 0:15:15]} Bf6 {[%clk
0:46:56]} 75. Bc5 {[%clk 0:15:20]} Bd8 {[%clk 0:47:16]} 76. Bb4 {[%clk 0:14:22]}
Bc7 {[%clk 0:47:39]} 1/2-1/2

[Event "Greek Team Championship"]
[Site "chess24.com"]
[Date "2017.07.04"]
[Round "2"]
[White "Szczepkowska, Karina"]
[Black "Markantonaki, Haritomeni"]
[Result "1/2-1/2"]
[Board "5"]
[WhiteElo "2414"]
[WhiteTitle "IM"]
[WhiteCountry "POL"]
[WhiteFideId "1122681"]
[WhiteEloChange "-3"]
[BlackElo "2222"]
[BlackTitle "WFM"]
[BlackCountry "GRE"]
[BlackFideId "4207050"]
[BlackEloChange "5"]

1. d4 {[%clk 1:30:52]} Nf6 {[%clk 1:30:52]} 2. c4 {[%clk 1:31:04]} e6 {[%clk
1:31:15]} 3. Nf3 {[%clk 1:31:31]} Bb4+ {[%clk 1:31:29]} 4. Nbd2 {[%clk 1:31:54]}
b6 {[%clk 1:31:37]} 5. a3 {[%clk 1:32:01]} Bxd2+ {[%clk 1:31:56]} 6. Qxd2 {[%clk
1:32:21]} Bb7 {[%clk 1:32:14]} 7. e3 {[%clk 1:32:43]} Ne4 {[%clk 1:31:23]} 8. Qc2
{[%clk 1:32:03]} f5 {[%clk 1:31:21]} 9. Be2 {[%clk 1:23:51]} O-O {[%clk 1:31:13]}
10. O-O {[%clk 1:23:00]} d6 {[%clk 1:30:20]} 11. b4 {[%clk 1:19:55]} Nd7 {[%clk
1:25:39]} 12. d5 {[%clk 1:16:00]} e5 {[%clk 1:15:27]} 13. Nd2 {[%clk 1:03:05]} c6
{[%clk 1:09:29]} 14. dxc6 {[%clk 0:49:24]} Bxc6 {[%clk 1:09:37]} 15. f3 {[%clk
0:49:47]} Nxd2 {[%clk 0:59:34]} 16. Bxd2 {[%clk 0:48:31]} Qg5 {[%clk 0:55:10]}
17. Rf2 {[%clk 0:44:32]} Qh4 {[%clk 0:45:10]} 18. Rd1 {[%clk 0:38:09]} Rf6 {[%clk
0:44:23]} 19. Be1 {[%clk 0:32:21]} Qh6 {[%clk 0:39:33]} 20. Qd2 {[%clk 0:28:42]}
Nf8 {[%clk 0:34:29]} 21. Qc3 {[%clk 0:25:31]} Rc8 {[%clk 0:28:45]} 22. Qb3 {[%clk
0:21:47]} Kh8 {[%clk 0:27:35]} 23. Bf1 {[%clk 0:21:46]} Qg5 {[%clk 0:24:19]} 24.
f4 {[%clk 0:18:39]} exf4 {[%clk 0:20:48]} 25. exf4 {[%clk 0:18:58]} Qh6 {[%clk
0:18:12]} 26. Rd3 {[%clk 0:17:51]} Rc7 {[%clk 0:10:04]} 27. c5 {[%clk 0:14:27]}
bxc5 {[%clk 0:07:24]} 28. bxc5 {[%clk 0:14:33]} Rb7 {[%clk 0:07:18]} 29. Qd1
{[%clk 0:10:38]} d5 {[%clk 0:05:48]} 30. Be2 {[%clk 0:07:00]} Re6 {[%clk
0:04:42]} 31. Bc3 {[%clk 0:05:37]} Qh4 {[%clk 0:02:12]} 32. Rg3 {[%clk 0:04:33]}
Ng6 {[%clk 0:02:16]} 33. Qd4 {[%clk 0:04:13]} Re4 {[%clk 0:01:42]} 34. Qd1 {[%clk
0:03:16]} Re8 {[%clk 0:00:57]} 35. Rh3 {[%clk 0:02:27]} Qd8 {[%clk 0:00:55]} 36.
Bh5 {[%clk 0:01:52]} Kg8 {[%clk 0:01:10]} 37. Rg3 {[%clk 0:01:28]} Re6 {[%clk
0:00:53]} 38. Bxg6 {[%clk 0:01:14]} hxg6 {[%clk 0:00:49]} 39. h3 {[%clk 0:01:14]}
Rbe7 {[%clk 0:00:43]} 40. Be5 {[%clk 0:31:17]} Rb7 {[%clk 0:30:53]} 41. Rf1
{[%clk 0:28:13]} Qa5 {[%clk 0:28:23]} 42. Qd4 {[%clk 0:27:52]} Qa4 {[%clk
0:27:17]} 43. Qxa4 {[%clk 0:27:28]} Bxa4 {[%clk 0:27:17]} 1/2-1/2